Imiona na N - Statystyki

Ogólne statystyki
  • Ten quiz został rozwiązany 36 razy
  • Średni wynik to 8 z 21
Statystyki odpowiedzi
Hint Odpowiedź % Poprawnych
ż Natalia
88%
m Nikodem
88%
m Natan
78%
m Norbert
78%
ż Nadia
66%
ż Nikola
66%
ż Nina
66%
ż Nela
50%
m Nataniel
47%
ż Natasza
41%
ż Norberta
31%
ż Norma/Nora
28%
m Narcyz
25%
m Noe
25%
ż Noemi
19%
m Norman
19%
ż Narcyza
16%
ż Nika
16%
m Ninian
3%
m Nastor
0%
ż Nonna
0%
Nie znaleziono quizów pasujących do podanych kryteriów
Rozkład punktacji
Procent ludzi z każdym wynikiem
Percentyl według liczby udzielonych odpowiedzi
Twoja historia wyników
Nie rozwiązałeś tego quizu